00346nam a22001337a 450000500170000000800410001704100130005808200140007110000240008524500360010926000100014530000310015565000260018620231128141152.0231128b |||||||| |||| 00| 0 eng d aEnglish  a340.1 ATT aHoward, KlEnglish  aAttorneys' Ethics / cK Howard  c1994  biv, 59 pages ; c30,3 cm.  aLegal practice bLaw